| 000 | 00741nam a2200241Ia 4500 | ||
|---|---|---|---|
| 003 | GCL | ||
| 008 | 140319s9999 xx 000 0 ara d | ||
| 040 |
_aGCL / _cGCL |
||
| 082 | 0 | 4 |
_aق _b700 _bث ف |
| 100 | 1 | _aثروت عكاشة | |
| 245 | 1 | 0 |
_aالفن المصرى القديم : _b1ـ العمارة 2ـ النحت والتصوير / _cثروت عكاشة |
| 260 |
_a[S.N] : _bالهيئة المصرية العامة للكتاب ، _c1991 |
||
| 300 | _a1082 ص | ||
| 490 | _a | ||
| 650 | 0 | 4 | _aمصر القديمة |
| 650 | 0 | 4 | _aالحضارة الفرعونية |
| 650 | 0 | 4 | _aعلم المصريات |
| 650 | 0 | 4 | _aتصوير |
| 650 | 0 | 4 | _aعمارة |
| 650 | 0 | 4 | _aالفن |
| 650 | 0 | 4 | _aالنحت |
| 942 |
_2ddc _cBK |
||
| 999 |
_c52495 _d52495 |
||